000 00913cab a2200193 4500
001 ABS40024
008 090401t1988 xxu||||| |||| 00| 0 eng d
035 _a(Sirsi) u20772
041 _aeng
100 _aSlavid, R.
245 _aCity Spotlight
260 _c1988
350 _a0
490 _aConstruction News
_v(6085) 27 October 1988, 25-34(8)
520 _aA special feature on the current boom in commercial development in the City of London . Includes interviews with the City`s planning officer who is mostly responsible for the form the development is taking and the chairman of City Heritage who presents the conservationists` view. Includes details of some of the major projects already underway in the City and looks at the problems currently facing Mowlem in constructing the new Lee House at the London Wall .
690 _aPROPERTY-COMMERCIAL PROPERTY
942 _n0
948 _c04/03/1997
999 _c13921
_d13921